[Event "Isla de La Palma Torneo Sub 2300"]
[Site "Isla de La Palma ESP"]
[Date "2005.06.06"]
[Round "4.2"]
[White "Cruz, Alfredo"]
[Black "Hasenbank, Dirk"]
[Result "1-0"]
[WhiteElo "2287"]
[BlackElo "2057"]
[PlyCount "91"]
[EventDate "2005.06.03"]
[EventType "swiss"]
[EventRounds "9"]
[EventCountry "ESP"]
[Source "lmi"]
[SourceDate "2005.06.11"]

1. e4 g6 2. d4 c6 3. c4 Bg7 4. Nf3 d6 5. h3 Nd7 6. Nc3 Qc7 7. Be2 Ngf6 8. O-O
O-O 9. Re1 Re8 10. Bf1 e5 11. d5 h6 12. Be3 c5 13. a3 a6 14. Qc2 Rb8 15. b4 b6
16. b5 a5 17. Rad1 Nh7 18. Qd2 g5 19. Nh2 Ndf8 20. Qc2 f6 21. Be2 Qf7 22. Bg4
Bxg4 23. hxg4 Ng6 24. g3 Qd7 25. Bc1 Nh8 26. Kg2 Nf7 27. f3 Nf8 28. Rh1 Ng6 29.
Nf1 Ne7 30. Ne3 Kf8 31. Rh5 Ng8 32. Rdh1 Rec8 33. Nf5 Rd8 34. Nd1 Rb7 35. Nde3
Nh8 36. Nxg7 Qxg7 37. Nf5 Qg6 38. Nxh6 Nf7 39. Nf5 Rdd7 40. a4 Rbc7 41. Qd1 Ne7
42. Ne3 Ng8 43. R1h2 Nfh6 44. Qh1 Rh7 45. Nf5 Nxf5 46. gxf5 1-0

[Event "Isla de La Palma Torneo Sub 2300"]
[Site "Isla de La Palma ESP"]
[Date "2005.06.06"]
[Round "4.3"]
[White "Perera Gonzalez, Pablo"]
[Black "Vega Gutierrez, Sabrina Neide"]
[Result "1/2-1/2"]
[WhiteElo "2211"]
[BlackElo "2253"]
[PlyCount "81"]
[EventDate "2005.06.03"]
[EventType "swiss"]
[EventRounds "9"]
[EventCountry "ESP"]
[Source "lmi"]
[SourceDate "2005.06.11"]

1. Nf3 d5 2. d4 c6 3. c4 e6 4. Qc2 dxc4 5. Qxc4 Nf6 6. Bg5 Be7 7. e3 b6 8. Qc2
h6 9. Bxf6 Bxf6 10. Nc3 O-O 11. Rd1 Ba6 12. Bxa6 Nxa6 13. O-O Qc8 14. e4 Qb7
15. a3 Rfd8 16. Qe2 Rd7 17. Rd2 Re8 18. Rfd1 c5 19. e5 Bd8 20. d5 exd5 21. Nxd5
Nb8 22. Qe4 Kh8 23. Qf5 Re6 24. Nf4 Rxd2 25. Rxd2 Re8 26. h3 Kg8 27. Qg4 Qe4
28. Re2 Qc4 29. Nd2 Qd4 30. Ne4 Nd7 31. Nh5 Bg5 32. Kh2 Rxe5 33. h4 f5 34. Qg3
fxe4 35. hxg5 Rxg5 36. Qh3 Ne5 37. Qe6+ Kh7 38. Nf4 Ng4+ 39. Kh3 Nxf2+ 40. Rxf2
Qxf2 41. Qxe4+ 1/2-1/2

[Event "Isla de La Palma Torneo Sub 2300"]
[Site "Isla de La Palma ESP"]
[Date "2005.06.06"]
[Round "4.4"]
[White "Enjuto Velasco, Roberto"]
[Black "Fenollar Jorda, Manuel"]
[Result "1-0"]
[WhiteElo "2167"]
[BlackElo "2239"]
[PlyCount "65"]
[EventDate "2005.06.03"]
[EventType "swiss"]
[EventRounds "9"]
[EventCountry "ESP"]
[Source "lmi"]
[SourceDate "2005.06.11"]

1. f4 e5 2. e4 d5 3. exd5 e4 4. d3 Nf6 5. dxe4 Nxe4 6. Nf3 c6 7. Nbd2 Qe7 8.
Nxe4 Qxe4+ 9. Qe2 cxd5 10. Qxe4+ dxe4 11. Ng5 f5 12. Bc4 Bc5 13. Bd2 Bd4 14.
O-O-O Nc6 15. Rhe1 h6 16. Nf7 Rf8 17. Nd6+ Ke7 18. Nb5 Rd8 19. Nxd4 Rxd4 20.
Bb4+ Ke8 21. Rxd4 Nxd4 22. Rd1 Ne6 23. g3 a5 24. Bc3 g6 25. Rd5 a4 26. Rd6 Kf7
27. a3 g5 28. Rd5 Kg6 29. Re5 Nd8 30. Re7 b5 31. Rg7+ Kh5 32. Be2+ g4 33. Bxb5
1-0

[Event "Isla de La Palma Torneo Sub 2300"]
[Site "Isla de La Palma ESP"]
[Date "2005.06.06"]
[Round "4.5"]
[White "Lopez Pereyra, Antonio"]
[Black "Lopez Colon, Francisco"]
[Result "1-0"]
[WhiteElo "2165"]
[BlackElo "2206"]
[PlyCount "77"]
[EventDate "2005.06.03"]
[EventType "swiss"]
[EventRounds "9"]
[EventCountry "ESP"]
[Source "lmi"]
[SourceDate "2005.06.11"]

1. e4 d6 2. d4 Nf6 3. Nc3 g6 4. f4 Bg7 5. Nf3 O-O 6. Bd3 Na6 7. O-O c5 8. d5
Bg4 9. Kh1 Bxf3 10. Qxf3 Nb4 11. Bd2 a6 12. a4 Qc7 13. b3 Nd7 14. Rae1 Nxd3 15.
cxd3 Rab8 16. Qh3 b5 17. axb5 axb5 18. Ne2 Ra8 19. f5 Ra3 20. Bh6 Rxb3 21. Bxg7
Kxg7 22. Rf3 Ne5 23. Rg3 Qa5 24. Rf1 Qd2 25. Re3 Rxd3 26. Rxd3 Qxd3 27. Ng3 Ra8
28. f6+ exf6 29. Qh4 g5 30. Qh3 Ra7 31. Qc8 h5 32. Nxh5+ Kg6 33. Ng3 Kg7 34.
Qf5 Nd7 35. Qh3 Kg8 36. Qh6 Ra4 37. Rg1 f5 38. Nxf5 Qc3 39. Ne7# 1-0

[Event "Isla de La Palma Torneo Sub 2300"]
[Site "Isla de La Palma ESP"]
[Date "2005.06.06"]
[Round "4.6"]
[White "Aguilar Sevilla, Diego"]
[Black "Gonzalez Ramirez, Manuel"]
[Result "1-0"]
[WhiteElo "2136"]
[BlackElo "2194"]
[PlyCount "119"]
[EventDate "2005.06.03"]
[EventType "swiss"]
[EventRounds "9"]
[EventCountry "ESP"]
[Source "lmi"]
[SourceDate "2005.06.11"]

1. e4 Nc6 2. Nf3 e6 3. d4 d5 4. Nc3 Bb4 5. e5 Bd7 6. a3 Be7 7. h4 a6 8. Bd3 b5
9. Ne2 b4 10. c3 a5 11. Nf4 bxa3 12. bxa3 a4 13. g3 Na5 14. Nd2 c5 15. O-O c4
16. Bc2 Nb3 17. Rb1 Qa5 18. Bb2 Nh6 19. Nf3 O-O-O 20. Kg2 Qa6 21. Re1 Qc6 22.
Qe2 Rde8 23. Rbd1 Reg8 24. Ng5 g6 25. Rh1 Rg7 26. Nf3 Ng8 27. g4 h6 28. g5 h5
29. Nh2 Bf8 30. Nf1 Ne7 31. Ng3 Kc7 32. Bb1 Nf5 33. Qf3 Ne7 34. Rde1 Qb5 35.
Re2 Rgh7 36. Ngxh5 Rxh5 37. Nxh5 gxh5 38. Qxf7 Qb8 39. Rh3 Qe8 40. Qf4 Bg7 41.
Qh2 Rf8 42. f4 Nf5 43. Bxf5 Rxf5 44. Rf2 Qg6 45. Rhf3 Be8 46. Qg3 Bf7 47. Qh2
Bg8 48. Qg3 Bh7 49. Qh2 Bf8 50. Qg3 Be7 51. Qh2 Kc6 52. Qg3 Kd7 53. Kh2 Ke8 54.
Rg2 Rf8 55. Rgf2 Qb1 56. Rg2 Be4 57. g6 Rg8 58. g7 Kf7 59. f5 Bxf3 60. Qg6# 1-0

[Event "Isla de La Palma Torneo Sub 2300"]
[Site "Isla de La Palma ESP"]
[Date "2005.06.06"]
[Round "4.7"]
[White "Angel Acosta, Juan Carlos"]
[Black "Ortells Perez, Victor Manuel"]
[Result "1-0"]
[WhiteElo "2187"]
[BlackElo "2119"]
[PlyCount "52"]
[EventDate "2005.06.03"]
[EventType "swiss"]
[EventRounds "9"]
[EventCountry "ESP"]
[Source "lmi"]
[SourceDate "2005.06.11"]

1. d4 d5 2. Nf3 Nf6 3. c4 dxc4 4. Qa4+ c6 5. Qxc4 g6 6. Nc3 Bg7 7. e4 O-O 8.
Be2 Nbd7 9. O-O Nb6 10. Qd3 Bg4 11. Rd1 Bxf3 12. Qxf3 Ne8 13. Be3 Nd6 14. b3 e6
15. Rac1 Rc8 16. Qg3 f5 17. f3 Nf7 18. a4 f4 19. Bxf4 Bxd4+ 20. Kh1 Qf6 21. Bd2
Nd7 22. f4 Kh8 23. e5 Qg7 24. Bc4 Rfe8 25. Ne4 g5 26. Bb4 c5 1-0

[Event "Isla de La Palma Torneo Sub 2300"]
[Site "Isla de La Palma ESP"]
[Date "2005.06.06"]
[Round "4.8"]
[White "Perez Aleman, Pedro Tomys"]
[Black "Van Hoolandt, Patrick"]
[Result "1-0"]
[WhiteElo "2134"]
[BlackElo "2181"]
[PlyCount "45"]
[EventDate "2005.06.03"]
[EventType "swiss"]
[EventRounds "9"]
[EventCountry "ESP"]
[Source "lmi"]
[SourceDate "2005.06.11"]

1. Nf3 Nf6 2. c4 e6 3. Nc3 Bb4 4. Qc2 O-O 5. a3 Bxc3 6. Qxc3 b6 7. e3 Bb7 8.
Be2 d6 9. b4 Ne4 10. Qc2 Nd7 11. Bb2 e5 12. d4 Ng5 13. d5 a5 14. Nd2 f6 15. h4
Nf7 16. Bd3 g6 17. h5 f5 18. hxg6 hxg6 19. Bxf5 gxf5 20. Qxf5 Re8 21. Ne4 Bc8
22. Qg6+ Kf8 23. Rh7 1-0

[Event "Isla de La Palma Torneo Sub 2300"]
[Site "Isla de La Palma ESP"]
[Date "2005.06.06"]
[Round "4.9"]
[White "Perez Gutierrez, Nauzet"]
[Black "De La Cruz Sanchez, Gustavo"]
[Result "0-1"]
[WhiteElo "2074"]
[BlackElo "2279"]
[PlyCount "46"]
[EventDate "2005.06.03"]
[EventType "swiss"]
[EventRounds "9"]
[EventCountry "ESP"]
[Source "lmi"]
[SourceDate "2005.06.11"]

1. e4 c5 2. f4 e6 3. Nf3 Nc6 4. Bb5 Qc7 5. Bxc6 Qxc6 6. d3 d5 7. Qe2 dxe4 8.
dxe4 Nf6 9. Nc3 Be7 10. Ne5 Qc7 11. Bd2 a6 12. O-O b5 13. Rae1 Bb7 14. Nxf7
Kxf7 15. e5 Ne8 16. f5 exf5 17. Rxf5+ Kg8 18. Ref1 Rd8 19. Qh5 g6 20. Qh6 Ng7
21. Rf7 Ne6 22. Bg5 Qc6 23. Qh3 Nxg5 0-1

[Event "Isla de La Palma Torneo Sub 2300"]
[Site "Isla de La Palma ESP"]
[Date "2005.06.06"]
[Round "4.10"]
[White "Martin Ojeda, Juan Manuel"]
[Black "Pizarro Segura, Eduardo"]
[Result "1-0"]
[WhiteElo "2268"]
[BlackElo "2173"]
[PlyCount "103"]
[EventDate "2005.06.03"]
[EventType "swiss"]
[EventRounds "9"]
[EventCountry "ESP"]
[Source "lmi"]
[SourceDate "2005.06.11"]

1. e4 c5 2. Nc3 Nc6 3. Bb5 g6 4. Bxc6 dxc6 5. f4 Bg7 6. Nf3 Nf6 7. O-O Bg4 8.
d3 O-O 9. Be3 Qa5 10. Qe1 Bxf3 11. Rxf3 c4 12. dxc4 Ng4 13. a3 Nxe3 14. Qxe3
Rfd8 15. e5 Rac8 16. b4 Qa6 17. Qe4 c5 18. b5 Qe6 19. Nd5 f5 20. Qe1 Qf7 21.
Qh4 Rd7 22. e6 Qxe6 23. Re1 Bf6 24. Rxe6 Bxh4 25. g3 Kf7 26. Rfe3 Bf6 27. c3 b6
28. Kg2 Rd6 29. Rxe7+ Bxe7 30. Rxe7+ Kg8 31. Rxa7 Re8 32. a4 Re2+ 33. Kf3 Ra2
34. g4 fxg4+ 35. Kxg4 h5+ 36. Kf3 Re6 37. h4 Ra1 38. Re7 Rd6 39. Rb7 Rxa4 40.
Rxb6 Rxb6 41. Nxb6 Ra7 42. Ke4 Kf7 43. Kd5 Kf6 44. Kxc5 Kf5 45. Nd5 Kg4 46. b6
Ra8 47. b7 Rb8 48. Kb6 Kxh4 49. Ne7 g5 50. Ng6+ Kg4 51. fxg5 Kxg5 52. c5 1-0

[Event "Isla de La Palma Torneo Sub 2300"]
[Site "Isla de La Palma ESP"]
[Date "2005.06.07"]
[Round "5.1"]
[White "Lacrosse, Marc"]
[Black "Cruz, Alfredo"]
[Result "1-0"]
[WhiteElo "2289"]
[BlackElo "2287"]
[PlyCount "55"]
[EventDate "2005.06.03"]
[EventType "swiss"]
[EventRounds "9"]
[EventCountry "ESP"]
[Source "lmi"]
[SourceDate "2005.06.11"]

1. d4 d5 2. c4 c6 3. Nf3 e6 4. Nc3 Be7 5. e4 dxe4 6. Nxe4 Nf6 7. Bd3 Nxe4 8.
Bxe4 Nd7 9. O-O Nf6 10. Bc2 h6 11. b3 Qc7 12. Re1 Bd7 13. Ne5 Rd8 14. Bf4 Qa5
15. c5 b5 16. a4 Ra8 17. axb5 Qd8 18. bxc6 Bc8 19. b4 g5 20. Bg3 O-O 21. b5 h5
22. h3 h4 23. Bh2 Nd5 24. Qh5 f5 25. Qg6+ Kh8 26. Nf7+ Rxf7 27. Qxf7 Bf6 28.
Bxf5 1-0

[Event "Isla de La Palma Torneo Sub 2300"]
[Site "Isla de La Palma ESP"]
[Date "2005.06.07"]
[Round "5.2"]
[White "Perera Gonzalez, Pablo"]
[Black "Pinto Henriquez, Rodrigo"]
[Result "1/2-1/2"]
[WhiteElo "2211"]
[BlackElo "2221"]
[PlyCount "157"]
[EventDate "2005.06.03"]
[EventType "swiss"]
[EventRounds "9"]
[EventCountry "ESP"]
[Source "lmi"]
[SourceDate "2005.06.11"]

1. Nf3 d5 2. d4 Nf6 3. c4 c6 4. Nc3 e6 5. Bg5 h6 6. Bh4 dxc4 7. e4 g5 8. Bg3 b5
9. Be2 Bb7 10. O-O Nbd7 11. d5 cxd5 12. exd5 Nxd5 13. Nxb5 N5b6 14. Ne5 Be7 15.
Bh5 O-O 16. Nd4 Nf6 17. Ndc6 Qe8 18. Nxe7+ Qxe7 19. f4 Rad8 20. Qe2 Nxh5 21.
Qxh5 Rd2 22. Rf2 Rxf2 23. Bxf2 Qf6 24. Rf1 gxf4 25. Bh4 Qg7 26. g3 f3 27. Nxf3
Qg6 28. Qe5 Qe4 29. Qh5 Qe3+ 30. Kg2 Nd7 31. Qg4+ Kh7 32. Kh3 f5 33. Qh5 Bxf3
34. Rxf3 Qc1 35. Be7 Nf6 36. Bxf6 Rxf6 37. Ra3 Qf1+ 38. Kh4 Qf2 39. Kh3 Rg6 40.
Qd1 Rg7 41. Ra6 Qe3 42. Rd6 Qe4 43. Rd4 Qc6 44. Qd2 Qf3 45. Rf4 Qd3 46. Qxd3
cxd3 47. Rd4 e5 48. Rxd3 e4 49. Rd5 Kg6 50. Kg2 Rc7 51. Rd2 Kf6 52. Kf2 Ke5 53.
Ke3 h5 54. h4 Rg7 55. Kf2 e3+ 56. Kxe3 Rxg3+ 57. Kf2 Rh3 58. Rd7 Rxh4 59. Rxa7
Rh2+ 60. Kg3 Rxb2 61. Ra5+ Kf6 62. Kh4 Rh2+ 63. Kg3 Rh1 64. Ra8 h4+ 65. Kg2 Rc1
66. Kh3 Rc4 67. a4 Kg5 68. Rg8+ Kf4 69. a5 Ra4 70. Ra8 Kf3 71. a6 f4 72. a7 Ra1
73. Kxh4 Ra5 74. Rb8 Rxa7 75. Rb3+ Ke4 76. Rb4+ Kf5 77. Rb5+ Ke6 78. Kg4 Ra4
79. Kf3 1/2-1/2

[Event "Isla de La Palma Torneo Sub 2300"]
[Site "Isla de La Palma ESP"]
[Date "2005.06.07"]
[Round "5.3"]
[White "Lopez Pereyra, Antonio"]
[Black "Angel Acosta, Juan Carlos"]
[Result "1-0"]
[WhiteElo "2165"]
[BlackElo "2187"]
[PlyCount "63"]
[EventDate "2005.06.03"]
[EventType "swiss"]
[EventRounds "9"]
[EventCountry "ESP"]
[Source "lmi"]
[SourceDate "2005.06.11"]

1. e4 c5 2. Nf3 e6 3. d4 cxd4 4. Nxd4 a6 5. Nc3 Nc6 6. Be2 Qc7 7. O-O Nf6 8.
Kh1 Be7 9. Be3 O-O 10. f4 d6 11. Qe1 Bd7 12. Qg3 Nxd4 13. Bxd4 Bc6 14. Bd3 Ne8
15. Rae1 g6 16. f5 e5 17. Be3 Qd8 18. fxg6 hxg6 19. Bc4 Kg7 20. Qh3 Bg5 21.
Rxf7+ Rxf7 22. Bxf7 Bxe3 23. Rxe3 Qf6 24. Rf3 Qg5 25. Bc4 Qe7 26. Rf7+ Qxf7 27.
Bxf7 Kxf7 28. Nd5 Rd8 29. Qh7+ Ng7 30. Qh4 Re8 31. Qf6+ Kg8 32. Ne7+ 1-0

[Event "Isla de La Palma Torneo Sub 2300"]
[Site "Isla de La Palma ESP"]
[Date "2005.06.07"]
[Round "5.6"]
[White "De La Cruz Sanchez, Gustavo"]
[Black "Vega Gutierrez, Sabrina Neide"]
[Result "1-0"]
[WhiteElo "2279"]
[BlackElo "2253"]
[PlyCount "47"]
[EventDate "2005.06.03"]
[EventType "swiss"]
[EventRounds "9"]
[EventCountry "ESP"]
[Source "lmi"]
[SourceDate "2005.06.11"]

1. e4 c5 2. Nf3 Nc6 3. Bb5 e6 4. O-O Nge7 5. Re1 a6 6. Bf1 d5 7. exd5 Nxd5 8.
c3 Be7 9. d4 cxd4 10. cxd4 O-O 11. Nc3 Nxc3 12. bxc3 b5 13. Bd3 Bb7 14. Qe2 Na5
15. Ne5 Qd5 16. Qg4 f5 17. Qh3 Bd6 18. Bf4 Rac8 19. Rac1 Rc7 20. Be2 Bxe5 21.
Bxe5 Rd7 22. a4 Rc8 23. c4 Rxc4 24. Rxc4 1-0

[Event "Isla de La Palma Torneo Sub 2300"]
[Site "Isla de La Palma ESP"]
[Date "2005.06.07"]
[Round "5.7"]
[White "Hasenbank, Dirk"]
[Black "Martin Ojeda, Juan Manuel"]
[Result "0-1"]
[WhiteElo "2057"]
[BlackElo "2268"]
[PlyCount "75"]
[EventDate "2005.06.03"]
[EventType "swiss"]
[EventRounds "9"]
[EventCountry "ESP"]
[Source "lmi"]
[SourceDate "2005.06.11"]

1. Nf3 d5 2. d3 Nf6 3. Nbd2 Bg4 4. g3 Nbd7 5. Bg2 c6 6. d4 e6 7. O-O Bd6 8. c4
O-O 9. b3 Re8 10. Bb2 Qc7 11. Rc1 Rad8 12. Qe1 Bh5 13. Kh1 Qb8 14. e3 a6 15.
Nh4 e5 16. Nf5 Bf8 17. h3 Bg6 18. Nh4 exd4 19. Bxd4 Ba3 20. Nxg6 Bxc1 21. Qxc1
hxg6 22. Bb2 Ne5 23. Qc3 dxc4 24. bxc4 Nd3 25. Ba1 Qe5 26. Qb3 Qf5 27. Nf3 c5
28. g4 Qd7 29. Ng5 b5 30. Bxf6 gxf6 31. Ne4 Re6 32. Qc3 Qe7 33. g5 Rxe4 34.
gxf6 Qe8 35. f4 Rxe3 36. Qc2 Re2 37. Qc3 b4 38. Qb3 0-1

[Event "Isla de La Palma Torneo Sub 2300"]
[Site "Isla de La Palma ESP"]
[Date "2005.06.07"]
[Round "5.8"]
[White "Fenollar Jorda, Manuel"]
[Black "Perez Felipe, Marcos Adrian"]
[Result "1/2-1/2"]
[WhiteElo "2239"]
[BlackElo "2158"]
[PlyCount "40"]
[EventDate "2005.06.03"]
[EventType "swiss"]
[EventRounds "9"]
[EventCountry "ESP"]
[Source "lmi"]
[SourceDate "2005.06.11"]

1. d4 Nf6 2. Nf3 e6 3. e3 b6 4. Bd3 Bb7 5. Nbd2 c5 6. c3 d6 7. O-O Be7 8. e4
Nbd7 9. Qe2 Qc7 10. Re1 Rc8 11. a3 e5 12. dxe5 dxe5 13. b4 O-O 14. Nf1 Rfd8 15.
Ng3 g6 16. Bg5 Nf8 17. Ba6 Ne6 18. Bxb7 Qxb7 19. Red1 Nf4 20. Qf1 Ng4 1/2-1/2

[Event "Isla de La Palma Torneo Sub 2300"]
[Site "Isla de La Palma ESP"]
[Date "2005.06.07"]
[Round "5.9"]
[White "Ortells Perez, Victor Manuel"]
[Black "Morales Camacho, Julian"]
[Result "0-1"]
[WhiteElo "2119"]
[BlackElo "2226"]
[PlyCount "34"]
[EventDate "2005.06.03"]
[EventType "swiss"]
[EventRounds "9"]
[EventCountry "ESP"]
[Source "lmi"]
[SourceDate "2005.06.11"]

1. Nf3 e6 2. g3 f5 3. Bg2 Nf6 4. O-O Be7 5. d4 O-O 6. c4 d6 7. Nc3 a5 8. Qc2
Nc6 9. e4 Nb4 10. Qe2 Nxe4 11. Nxe4 fxe4 12. Qxe4 e5 13. dxe5 Bf5 14. Qxb7 Rb8
15. Qa7 Nc2 16. Rb1 Be4 17. Bf4 Ra8 0-1

[Event "Isla de La Palma Torneo Sub 2300"]
[Site "Isla de La Palma ESP"]
[Date "2005.06.07"]
[Round "5.10"]
[White "Lopez Colon, Francisco"]
[Black "Natalicchio Escalante, Nicolas"]
[Result "1-0"]
[WhiteElo "2206"]
[BlackElo "2153"]
[PlyCount "51"]
[EventDate "2005.06.03"]
[EventType "swiss"]
[EventRounds "9"]
[EventCountry "ESP"]
[Source "lmi"]
[SourceDate "2005.06.11"]

1. d4 d5 2. c4 e5 3. dxe5 d4 4. Nf3 Nc6 5. Nbd2 Nge7 6. Nb3 Nf5 7. a3 a5 8. Bg5
Qd7 9. g4 h6 10. gxf5 hxg5 11. Nbxd4 g4 12. e6 fxe6 13. fxe6 Qe7 14. Nxc6 bxc6
15. Nd4 c5 16. Bg2 Ra6 17. Bc6+ Rxc6 18. Nxc6 Qxe6 19. Qd8+ Kf7 20. Qxc7+ Kg6
21. Rd1 Ba6 22. Rg1 Kh7 23. Nxa5 Be7 24. Qf4 Rc8 25. Qxg4 Qb6 26. Qxg7# 1-0

[Event "Isla de La Palma Torneo Sub 2300"]
[Site "Isla de La Palma ESP"]
[Date "2005.06.07"]
[Round "5.11"]
[White "Andrades Campo"]
[Black "Martin Martin, Francisco"]
[Result "0-1"]
[WhiteElo "2204"]
[BlackElo "2105"]
[PlyCount "36"]
[EventDate "2005.06.03"]
[EventType "swiss"]
[EventRounds "9"]
[EventCountry "ESP"]
[Source "lmi"]
[SourceDate "2005.06.11"]

1. c4 b6 2. g3 Bb7 3. Nf3 Nf6 4. Bg2 e6 5. O-O Be7 6. Nc3 O-O 7. d4 Ne4 8. Qc2
Nxc3 9. Qxc3 d6 10. Be3 Nd7 11. Rfd1 Qe8 12. b4 c5 13. bxc5 dxc5 14. Ne5 Bxg2
15. Nxd7 Qxd7 16. Kxg2 Bf6 17. Rac1 Rfd8 18. Rd3 cxd4 0-1

[Event "Isla de La Palma Torneo Sub 2300"]
[Site "Isla de La Palma ESP"]
[Date "2005.06.07"]
[Round "5.12"]
[White "Amil Serantes, Jorge"]
[Black "Camino Carrio, Nicanor"]
[Result "1-0"]
[WhiteElo "2198"]
[BlackElo "2102"]
[PlyCount "65"]
[EventDate "2005.06.03"]
[EventType "swiss"]
[EventRounds "9"]
[EventCountry "ESP"]
[Source "lmi"]
[SourceDate "2005.06.11"]

1. d4 Nf6 2. Nf3 g6 3. c4 Bg7 4. Nc3 O-O 5. e4 d6 6. Be2 e5 7. O-O Na6 8. d5
Nc5 9. Bg5 h6 10. Bxf6 Bxf6 11. b4 Na6 12. a3 Bg7 13. Nd2 f5 14. Rc1 c5 15.
dxc6 bxc6 16. b5 cxb5 17. cxb5 Nc5 18. Nc4 fxe4 19. Nxd6 Be6 20. Ncxe4 Nb3 21.
Rc3 Nd4 22. Bc4 Bxc4 23. Rxc4 Qh4 24. a4 h5 25. Qd2 Rad8 26. Rc7 Qf4 27. Qxf4
exf4 28. Rd1 Be5 29. Rxa7 f3 30. g3 Bxd6 31. Rxd4 Bc5 32. Rxd8 Rxd8 33. Rd7 1-0

[Event "Isla de La Palma Torneo Sub 2300"]
[Site "Isla de La Palma ESP"]
[Date "2005.06.08"]
[Round "6.1"]
[White "Martin Ojeda, Juan Manuel"]
[Black "Lacrosse, Marc"]
[Result "1-0"]
[WhiteElo "2268"]
[BlackElo "2289"]
[PlyCount "63"]
[EventDate "2005.06.03"]
[EventType "swiss"]
[EventRounds "9"]
[EventCountry "ESP"]
[Source "lmi"]
[SourceDate "2005.06.11"]

1. e4 e5 2. d4 exd4 3. Qxd4 Nc6 4. Qe3 Nf6 5. Nc3 Be7 6. Bc4 O-O 7. Bd2 Ne5 8.
Bb3 Nfg4 9. Qe2 d6 10. h3 Nf6 11. O-O-O Nc6 12. Qe3 Na5 13. g4 Nxb3+ 14. axb3
Bd7 15. f4 Bc6 16. g5 Nd7 17. Nge2 f5 18. gxf6 Bxf6 19. Rhg1 Qe7 20. Ng3 Rae8
21. Nf5 Qe6 22. Qg3 Rf7 23. Nh6+ Kh8 24. Nxf7+ Qxf7 25. Rde1 Re7 26. Nd5 Bxd5
27. exd5 Nb6 28. Rxe7 Qxe7 29. Re1 Qf7 30. Qg4 h5 31. Qe6 Qg6 32. f5 1-0

[Event "Isla de La Palma Torneo Sub 2300"]
[Site "Isla de La Palma ESP"]
[Date "2005.06.08"]
[Round "6.2"]
[White "Cruz, Alfredo"]
[Black "Pinto Henriquez, Rodrigo"]
[Result "1-0"]
[WhiteElo "2287"]
[BlackElo "2221"]
[PlyCount "63"]
[EventDate "2005.06.03"]
[EventType "swiss"]
[EventRounds "9"]
[EventCountry "ESP"]
[Source "lmi"]
[SourceDate "2005.06.11"]

1. e4 e5 2. Nf3 Nc6 3. Bb5 a6 4. Ba4 Nf6 5. O-O Be7 6. Re1 b5 7. Bb3 d6 8. c3
O-O 9. h3 Nd7 10. d4 Bf6 11. d5 Ne7 12. Nbd2 Nc5 13. Bc2 c6 14. b4 Nd7 15. dxc6
Nb6 16. a4 bxa4 17. Bxa4 Qc7 18. Bb3 Qxc6 19. Nf1 Bb7 20. Ng3 g6 21. Bh6 Bg7
22. Qd2 Bc8 23. Qg5 d5 24. Bxg7 f6 25. Nxe5 Qd6 26. Qh6 Re8 27. Ng4 Bxg4 28. e5
Qd7 29. hxg4 Nf5 30. Nxf5 gxf5 31. Bxf6 fxg4 32. e6 1-0

[Event "Isla de La Palma Torneo Sub 2300"]
[Site "Isla de La Palma ESP"]
[Date "2005.06.08"]
[Round "6.3"]
[White "Enjuto Velasco, Roberto"]
[Black "De La Cruz Sanchez, Gustavo"]
[Result "1/2-1/2"]
[WhiteElo "2167"]
[BlackElo "2279"]
[PlyCount "84"]
[EventDate "2005.06.03"]
[EventType "swiss"]
[EventRounds "9"]
[EventCountry "ESP"]
[Source "lmi"]
[SourceDate "2005.06.11"]

1. e4 c5 2. Nf3 e6 3. d4 cxd4 4. Nxd4 Nf6 5. Nc3 Nc6 6. Ndb5 Bb4 7. a3 Bxc3+ 8.
Nxc3 d5 9. exd5 exd5 10. Bd3 O-O 11. O-O d4 12. Ne2 Bg4 13. Bg5 Qd6 14. Qd2
Rfe8 15. Rfe1 Re6 16. f3 Bh5 17. Nf4 Rxe1+ 18. Rxe1 Bg6 19. Nxg6 hxg6 20. Qf4
Rd8 21. Qxd6 Rxd6 22. Kf2 Kf8 23. Bf4 Rd8 24. g4 Nd5 25. Bd2 Nce7 26. Bc4 Nc6
27. Bd3 Nce7 28. h3 f6 29. Re4 Nc6 30. Bc4 g5 31. Ke2 Ne5 32. Rxd4 Nf4+ 33.
Rxf4 gxf4 34. Bb4+ Ke8 35. Bb5+ Kf7 36. h4 g6 37. Bc3 Rh8 38. Bd2 Rxh4 39. Bxf4
Ke6 40. Ba4 g5 41. Bd2 Kd6 42. Bc3 Rh3 1/2-1/2

[Event "Isla de La Palma Torneo Sub 2300"]
[Site "Isla de La Palma ESP"]
[Date "2005.06.08"]
[Round "6.4"]
[White "Perez Aleman, Pedro Tomys"]
[Black "Aguilar Sevilla, Diego"]
[Result "1-0"]
[WhiteElo "2134"]
[BlackElo "2136"]
[PlyCount "75"]
[EventDate "2005.06.03"]
[EventType "swiss"]
[EventRounds "9"]
[EventCountry "ESP"]
[Source "lmi"]
[SourceDate "2005.06.11"]

1. Nf3 Nf6 2. c4 g6 3. Nc3 Bg7 4. e4 d6 5. d4 O-O 6. Be2 Na6 7. O-O e5 8. Be3
Ng4 9. Bg5 Qe8 10. dxe5 dxe5 11. h3 f6 12. Bc1 Nh6 13. Be3 Nf7 14. c5 c6 15.
Bxa6 bxa6 16. Qa4 Rb8 17. b3 f5 18. exf5 gxf5 19. Ng5 Nxg5 20. Bxg5 h6 21. Bh4
e4 22. Rad1 Qh5 23. Be7 Re8 24. Bd6 Rb7 25. Rfe1 Rf7 26. Ne2 e3 27. fxe3 Re4
28. Qa5 Rxe3 29. Nf4 Rxe1+ 30. Qxe1 Qg5 31. Qe8+ Bf8 32. Qxc8 Kh7 33. Rf1 Bg7
34. Ne6 Qe3+ 35. Kh2 Be5+ 36. Bxe5 Qxe5+ 37. Nf4 Qxc5 38. Qxa6 1-0

[Event "Isla de La Palma Torneo Sub 2300"]
[Site "Isla de La Palma ESP"]
[Date "2005.06.08"]
[Round "6.5"]
[White "Morales Camacho, Julian"]
[Black "Gonzalez Ramirez, Manuel"]
[Result "1/2-1/2"]
[WhiteElo "2226"]
[BlackElo "2194"]
[PlyCount "89"]
[EventDate "2005.06.03"]
[EventType "swiss"]
[EventRounds "9"]
[EventCountry "ESP"]
[Source "lmi"]
[SourceDate "2005.06.11"]

1. Nf3 d5 2. d4 Nf6 3. c4 e6 4. Nc3 Nbd7 5. cxd5 exd5 6. Bg5 Be7 7. e3 c6 8.
Qc2 O-O 9. Bd3 h6 10. Bh4 Ne8 11. Bxe7 Qxe7 12. O-O Nd6 13. Rfe1 f5 14. Nd2 Qf6
15. Ne2 Re8 16. Ng3 Nf8 17. Nf3 Ne4 18. b4 a6 19. a4 Ne6 20. Ne5 g6 21. f3 Nd6
22. Ne2 Nf8 23. Nc3 Be6 24. Qf2 Kg7 25. Qg3 Rad8 26. b5 axb5 27. axb5 Bd7 28.
bxc6 Bxc6 29. Ra5 Nf7 30. f4 Qe6 31. Rb1 Ra8 32. Rba1 Rxa5 33. Rxa5 Nd6 34. h4
h5 35. Be2 Kh7 36. Ra7 Nc8 37. Ra5 Nd6 38. Bf3 Ne4 39. Bxe4 fxe4 40. Qg5 Qd6
41. Ra7 Qb4 42. Nxc6 Qxc3 43. Rxb7+ Kg8 44. Qxd5+ Ne6 45. Qxe4 1/2-1/2

[Event "Isla de La Palma Torneo Sub 2300"]
[Site "Isla de La Palma ESP"]
[Date "2005.06.08"]
[Round "6.6"]
[White "Angel Acosta, Juan Carlos"]
[Black "Colon, Francisco L"]
[Result "0-1"]
[WhiteElo "2187"]
[BlackElo "2206"]
[PlyCount "60"]
[EventDate "2005.06.03"]
[EventType "swiss"]
[EventRounds "9"]
[EventCountry "ESP"]
[Source "lmi"]
[SourceDate "2005.06.11"]

1. d4 c5 2. Nf3 cxd4 3. Nxd4 d5 4. c4 e5 5. Nc2 dxc4 6. Qxd8+ Kxd8 7. e3 Bf5 8.
Nca3 Nd7 9. Bxc4 Rc8 10. Bd2 Bxb1 11. Rxb1 Bxa3 12. bxa3 Rxc4 13. Rxb7 Ra4 14.
Bb4 Kc8 15. Rb5 a6 16. Rd5 Ngf6 17. Rd2 a5 18. Bd6 Ne4 19. Rc2+ Kd8 20. Bc7+
Ke7 21. f3 Nec5 22. Rd2 Rc8 23. Bd6+ Ke6 24. Ke2 Rc6 25. Rhd1 Rxa3 26. g4 Rc3
27. Kf2 Nb7 28. Ba3 Rxa3 29. Rxd7 Rxa2+ 30. Kg3 Rd6 0-1